Wider die Ratlosigkeit im Umgang mit Kinderdelinquenz: präventive Ansätze und Konzepte
| Corporate Author: | |
|---|---|
| Format: | Print Book |
| Language: | German |
| Published: |
München
DJI, Dt. Jugendinst.
2000
|
| In: |
Arbeitsstelle Kinder- und Jugendkriminalitätsprävention (3)
Year: 2000 |
| Availability in Tübingen: | Present in Tübingen. IFK: D III 49 |
| Availability in Albert-Krebs Library: | QN.00.007 2015-366 |
| Check availability: | HBZ Gateway |
| Subito Delivery Service: | Order now. |
| Keywords: |
MARC
| LEADER | 00000cam a2200000 c 4500 | ||
|---|---|---|---|
| 001 | 1154560236 | ||
| 003 | DE-627 | ||
| 005 | 20221107101335.0 | ||
| 007 | tu | ||
| 008 | 000418s2000 xx ||||| 00| ||ger c | ||
| 035 | |a (DE-627)1154560236 | ||
| 035 | |a (DE-576)084560231 | ||
| 035 | |a (DE-599)BSZ084560231 | ||
| 035 | |a (OCoLC)313605370 | ||
| 035 | |a (OCoLC)313605370 | ||
| 035 | |a (DE-604)8137589689 | ||
| 040 | |a DE-627 |b ger |c DE-627 |e rakwb | ||
| 041 | |a ger | ||
| 084 | |a 2,1 |2 ssgn | ||
| 084 | |a PH 8420 |2 rvk |0 (DE-625)rvk/136501: | ||
| 084 | |a MS 2430 |2 rvk |0 (DE-625)rvk/123638: | ||
| 084 | |a PH 8840 |2 rvk |0 (DE-625)rvk/136523: | ||
| 084 | |a DS 7140 |2 rvk |0 (DE-625)rvk/19959: | ||
| 245 | 0 | 0 | |a Wider die Ratlosigkeit im Umgang mit Kinderdelinquenz |b präventive Ansätze und Konzepte |c Deutsches Jugendinstitut / Arbeitsstelle Kinder- und Jugendkriminalitätsprävention |
| 264 | 1 | |a München |b DJI, Dt. Jugendinst. |c 2000 | |
| 300 | |a 215 S. | ||
| 336 | |a Text |b txt |2 rdacontent | ||
| 337 | |a ohne Hilfsmittel zu benutzen |b n |2 rdamedia | ||
| 338 | |a Band |b nc |2 rdacarrier | ||
| 490 | 1 | |a Veröffentlichungen der Arbeitsstelle für Kinder- und Jugendkriminalitätsprävention |v 3 | |
| 650 | 4 | |a Kinderdelinquenz |x Prävention |7 (dpeaa)DE-2619 | |
| 650 | 4 | |a Projektesammlung |7 (dpeaa)DE-2619 | |
| 655 | 7 | |a Aufsatzsammlung |0 (DE-588)4143413-4 |0 (DE-627)105605727 |0 (DE-576)209726091 |2 gnd-content | |
| 655 | 7 | |a Konferenzschrift |0 (DE-588)1071861417 |0 (DE-627)826484824 |0 (DE-576)433375485 |2 gnd-content | |
| 689 | 0 | 0 | |d s |0 (DE-588)4163836-0 |0 (DE-627)105451800 |0 (DE-576)209884142 |a Kinderkriminalität |2 gnd |
| 689 | 0 | 1 | |d s |0 (DE-588)4112701-8 |0 (DE-627)104321679 |0 (DE-576)209470127 |a Bekämpfung |2 gnd |
| 689 | 0 | |5 (DE-627) | |
| 689 | 1 | 0 | |d s |0 (DE-588)4163836-0 |0 (DE-627)105451800 |0 (DE-576)209884142 |a Kinderkriminalität |2 gnd |
| 689 | 1 | 1 | |d s |0 (DE-588)4076308-0 |0 (DE-627)104364106 |0 (DE-576)209201428 |a Prävention |2 gnd |
| 689 | 1 | |5 (DE-627) | |
| 710 | 2 | |a Deutsches Jugendinstitut |0 (DE-588)1005538-1 |0 (DE-627)103060642 |0 (DE-576)191162442 |4 oth | |
| 810 | 2 | |a Arbeitsstelle Kinder- und Jugendkriminalitätsprävention |t Arbeitsstelle Kinder- und Jugendkriminalitätsprävention |v 3 |9 3 |w (DE-627)386578303 |w (DE-576)095514449 |w (DE-600)2143931-X |7 am | |
| 889 | |w (DE-627)1818603446 | ||
| 935 | |a mkri | ||
| 936 | r | v | |a PH 8420 |b Kinderkriminalität; Jugendkriminalität; Frauenkriminalität, Mädchenkriminalität; Alterskriminalität; Ausländerkriminalität |k Rechtswissenschaft |k Strafrecht, Strafverfahrensrecht, Kriminologie |k Kriminologie |k Soziale Profile; Soziale Gruppen; Tätergemeinschaften (hier auch: Internationale Kriminalität) |k Kinderkriminalität; Jugendkriminalität; Frauenkriminalität, Mädchenkriminalität; Alterskriminalität; Ausländerkriminalität |0 (DE-627)1271674998 |0 (DE-625)rvk/136501: |0 (DE-576)201674998 |
| 936 | r | v | |a MS 2430 |b Jugendhilfe |k Soziologie |k Spezielle Soziologien |k Jugendsoziologie |k Jugendhilfe |0 (DE-627)1271441004 |0 (DE-625)rvk/123638: |0 (DE-576)201441004 |
| 936 | r | v | |a PH 8840 |b Eigentums- und Vermögenskriminalität, Diebstahl, hier auch Bagatellkriminalität |k Rechtswissenschaft |k Strafrecht, Strafverfahrensrecht, Kriminologie |k Kriminologie |k Einzelne Deliktsgruppen |k Weitere Deliktsgruppen |k Eigentums- und Vermögenskriminalität, Diebstahl, hier auch Bagatellkriminalität |0 (DE-627)1271941473 |0 (DE-625)rvk/136523: |0 (DE-576)201941473 |
| 936 | r | v | |a DS 7140 |b Prävention in der Jugendhilfe (Jugendarbeit, Jugendpflege, Freizeitbetreuung, -beratung) |k Pädagogik |k Sozialpädagogik, Sozialarbeit |k Berufsfelder |k Jugendhilfe |k Prävention in der Jugendhilfe (Jugendarbeit, Jugendpflege, Freizeitbetreuung, -beratung) |0 (DE-627)1270705717 |0 (DE-625)rvk/19959: |0 (DE-576)200705717 |
| 951 | |a BO | ||
| ELC | |b 1 | ||
| LOK | |0 000 xxxxxcx a22 zn 4500 | ||
| LOK | |0 001 2376736951 | ||
| LOK | |0 003 DE-627 | ||
| LOK | |0 004 1154560236 | ||
| LOK | |0 005 20020304000000 | ||
| LOK | |0 008 020304||||||||||||||||ger||||||| | ||
| LOK | |0 040 |a DE-21-110 |c DE-627 |d DE-21-110 | ||
| LOK | |0 852 |a DE-21-110 | ||
| LOK | |0 852 1 |c D III 49 |m p |9 00 | ||
| LOK | |0 935 |a k110 | ||
| LOK | |0 936ln |a 11.1.1 | ||
| LOK | |0 938 |k p | ||
| LOK | |0 939 |a 04-03-02 |b l01 | ||
| LOK | |0 000 xxxxxcx a22 zn 4500 | ||
| LOK | |0 001 4196229530 | ||
| LOK | |0 003 DE-627 | ||
| LOK | |0 004 1154560236 | ||
| LOK | |0 005 20221020204402 | ||
| LOK | |0 008 221011||||||||||||||||ger||||||| | ||
| LOK | |0 035 |a (DE-2619)k02719 | ||
| LOK | |0 040 |a DE-2619 |c DE-627 |d DE-2619 | ||
| LOK | |0 092 |o n | ||
| LOK | |0 541 |e Bestand Albert-Krebs-Bibliothek: 2015-366 | ||
| LOK | |0 852 |a DE-2619 | ||
| LOK | |0 852 1 |c QN.00.007 |m p |9 00 | ||
| LOK | |0 935 |a kreb | ||
| LOK | |0 938 |k p | ||
| LOK | |0 939 |a 11-10-22 |b l01 | ||
| ORI | |a SA-MARC-krimdoka001.raw | ||
| SIG | |a IFK: D III 49 | ||
